Statistics for Greek Gods (easy quiz)

Click here to take the quiz!

General Stats

  • This quiz has been taken 54 times
  • The average score is 9 of 12

Answer Stats

HintAnswer% Correct
God of the skyZeus
98%
God of the underworldHades
95%
God of warAres
95%
God of the seaPoseidon
91%
Goddess of wisdomAthena
91%
Goddess of marriageHera
79%
God of travelersHermes
79%
God of archeryApollo
77%
Goddess of agricultureDemeter
72%
Goddess of victoryNike
60%
Goddess of the moonArtemis
56%
Goddess of the rainbowIris
51%

Score Distribution

Percentile by Number Answered

Percent of People with Each Score

Your Score History

You have not taken this quiz